| 000 | 00669nam a2200205 4500 | ||
|---|---|---|---|
| 001 | 145466 | ||
| 003 | ES-MaACL | ||
| 005 | 20230906201235.0 | ||
| 007 | t| | ||
| 008 | 070214s1980 sp r ||||1| spa d | ||
| 100 | 1 |
_aSperoff, Leon. _9107706 |
|
| 245 | 1 | 0 |
_aEndocrinología ginecológica e infertilidad / _cLeon Speroff, Robert H. Glass, Nathan G. Case ; versión de A. Jornet Cases. |
| 250 | _a2ª. ed. corr. y aum. | ||
| 260 |
_aBarcelona : _bToray, _c1980. |
||
| 300 |
_aVIII, 438 p. : _bil. ; _c26 cm. |
||
| 700 | 1 |
_aGlass, Robert H. _957405 |
|
| 700 | 1 |
_aCase, Nathan G. _936280 |
|
| 700 | 1 |
_aJornet Cases, A. _966960 |
|
| 852 |
_aES-MaACL _jL-3267 _bR.103533 |
||
| 999 |
_c145466 _d145466 |
||